1978 1511 1423 1122 1820 1931 1955 1646 1274 1398 1712 1519 1361 1309 1288 1073 1260 1856 1069 1552 1001 1602 1690 1611 1281 1013 1983 1979 1145 1639 1049 1700 1296 1993 1534 1255 1026 1491 1104 1680 1111 1378 1226 1438 1643 1806 1788 1002 1060 1450 1539 1130 1562 1282 1724 1051 1656 1930 1787 1253 1444 1122 1564 1316 1119 1219 1471 1224 1971 1700 1468 1530 1181 1005 1827 1397 1316 1502 1645 1505 1585 1423 1074 1088 1153 1740 1540 1746 1730 1689 1009 1827 1605 1206 1147 1014 1436 1788 1084 BCNSPRNW ULIB Ver.6.0+V

เปลี่ยนเป็นภาษาไทย

Change to English
 แสดงรายละเอียดบรรณานุกรม
  กลับหน้าหลัก

Brief Record : Get Marc (ISO 2709) : E-mail record : QR code < ปิดหน้าต่าง
LEADER : 00000nam a2200000Ia 4500
001    13399114795
003     ULIB
008    070514s2549 th a 000 0 tha d
020    ^a9749477146
020    ^a9789749477144
050  4 ^aBJ1533.H9^bอ692จ
100 0  ^aอำพล จินดาวัฒนะ
245 10 ^aจิตอาสา พลังสร้างโลก : ^bบทเรียนรู้จากขบวนการพุทธฉือจี้ไต้หวัน ขบวนการที่เน้นหัวใจของความเป็นมนุษย์ /^cอำพล จินดาวัฒนะ
250    ^aพิมพ์ครั้งที่ 1
260    ^aกรุงเทพฯ :^bศูนย์ส่งเสริมและพัฒนาพลังแผ่นดินเชิงคุณธรรม (ศูนย์คุณธรรม),^c2549
300    ^a74 หน้า :^bภาพประกอบ ;^c21 ซม.
610 27 ^aมูลนิธิฉือจี้
650  4 ^aมนุษยธรรม
650  4 ^aบริการสังคม^zไต้หวัน
650  4 ^aการกุศล
650  4 ^aอาสาสมัคร^zไต้หวัน
651  7 ^aไต้หวัน^xภาวะสังคม
710 2  ^aศูนย์ส่งเสริมและพัฒนาพลังแผ่นดินเชิงคุณธรรม (ศูนย์คุณธรรม)
945    ^p0^l0^i031778
995    ^a เกษร
999 ^a ใช้งานได้ทุกระบบ
รายการนี้ยังไม่มีแท็ก
คุณยังไม่ได้ล็อกอิน คุณสามารถมีกิจกรรมร่วมกับเว็บไซต์ได้ แต่ต้องล็อกอินก่อน ::
  ล็อกอิน

รายการสื่อสารสนเทศ

ลำดับที่ ประเภท เลขเรียก/บาร์โค้ด สถานที่ สถานะ
- ไม่พบข้อมูล -

รายการใกล้เคียง
    ผู้แต่ง [อำพล จินดาวัฒนะ]

    หัวเรื่อง [มนุษยธรรม]
    หัวเรื่อง [การกุศล]

BibComment


ยังไม่เคยถูกคอมเมนท์

คอมเมนท์ทรัพยากรรายการนี้
  คอมเมนท์: จิตอาสา พลังสร้า..


 Copyright 2026. Bcnsprnw @Library